| 000 | 00648nam a2200229 a 4500 | ||
|---|---|---|---|
| 005 | 20210219152900.0 | ||
| 008 | 991125n 000 0 u | ||
| 035 | _aUPN01000065034 | ||
| 100 | 1 | _aJacklin, Angela | |
| 100 | 1 | _aLacey, Jeanne | |
| 222 | 0 | _aBRITISH JOURNAL OF SPECIAL EDUCATION | |
| 245 | 0 | 0 | _aAssessing integration at Pactcham House |
| 260 | _aReino Unido | ||
| 300 | _a67-70 | ||
| 362 | 0 | _a1991 Vol. 18, No. 2, jun. | |
| 653 | 0 | _aCOLOCACION DE ESTUDIANTES | |
| 653 | 0 | _aCORRIENTE PRINCIPAL (FILOSOFIA) | |
| 653 | 0 | _aINCAPACITADOS FISICOS | |
| 653 | 0 | _aPLANEACION EDUCATIVA | |
| 904 |
_aAC _b002845 |
||
| 905 | _aArticulo | ||
| 999 |
_c62883 _d62883 |
||